[Event "POL-ch 58th"]
[Site "Warsaw"]
[Date "2001.03.20"]
[Round "3"]
[White "Blehm, Pawel"]
[Black "Gajewski, Grzegorz"]
[Result "1-0"]
[WhiteElo "2512"]
[BlackElo "2344"]
[Annotator "Ribli,Z"]
[PlyCount "55"]
[EventDate "2001.03.18"]
[EventType "tourn"]
[EventRounds "13"]
[EventCountry "POL"]
[EventCategory "11"]
[SourceTitle "CBM 082"]
[Source "ChessBase"]
[SourceDate "2001.05.17"]
[SourceVersion "1"]
[SourceVersionDate "2001.05.17"]
[SourceQuality "1"]

1. e4 c5 2. Nf3 e6 3. d4 cxd4 4. Nxd4 a6 5. Nc3 b5 {Diese agressive Spielweise
ist in letzter Zeit sehr populär. Es ist typisch für die Paulsen-Variante,
dass Schwarz zuerst den Damenflügel und dann den Köngisflügel in Abhängigkeit
von der gegnerischen Spielweise entwickelt.} 6. Bd3 Qb6 7. Be3 (7. Nb3) 7...
Bc5 8. Be2 (8. Qg4 $5 {Diese extravagante Fortsetzung führt zu interessantem
Spiel.} Bxd4 9. e5 $13) 8... Nc6 9. Nxc6 Bxe3 (9... dxc6) 10. fxe3 dxc6 11. Qd4
{Das ist die Pointe des weißen Spiels - so kann Weiß seine Bauernstruktur
wieder bereinigen.} Qxd4 12. exd4 e5 {Schwarz muss so spielen, sonst zieht
Weiß 13.e4-e5 mit großm Raumvorteil.} 13. d5 {Dieser Zug eröffnet Weiß Chancen
auf Eröffnungsvorteil.} Ne7 14. O-O-O Bd7 (14... Ra7 15. a4 $1 (15. b4 $16)
15... b4 16. Na2 a5 17. dxc6 Nxc6 18. Bb5 Rc7 19. Rd5 $1 $16) 15. b4 (15. a4 b4
16. Na2 a5 $132) 15... Ra7 $6 {Dieser Turmzug scheint mir zweifelhaft.} (15...
cxd5 16. exd5 {[%csl Yc5][%cal Gc3e4,Ge4c5]} Nf5 {[%cal Gf5d6] Schwarz möchte
eine Blockadestellung mit Springer auf d6 aufbauen.} 17. Ne4 $6 (17. Bd3 Nd6
18. Rhe1 f6 19. Ne4 Ke7 $1 $13) (17. Kb2 Nd6 $5 {Anschließend kann Schwarz Ke7
ziehen.} (17... Ne3 18. Rd2 $14)) (17. d6 $1 Nd4 (17... Rc8 18. Ne4 Rc6 19. Bh5
{[%cal Rd1d5,Rd5e5]} O-O 20. Nc5 $16 {[%csl Gc5]}) (17... Ne3 18. Rd3 Nc4 19.
Rd5 $1 $16) (17... Bc6 18. Rhe1 $16) (17... O-O 18. Nd5 $16) (17... a5 $2 18.
Nxb5 Kd8 19. Nc7 $16) 18. Rhe1 $14) 17... Ne3 18. Rd2 a5 $36) (15... O-O 16.
Kb2 Rfc8 17. a3 c5 18. d6 $14) 16. Rd2 {[%cal Gh1d1]} (16. Kb2 cxd5 17. exd5 f5
18. a4 bxa4 19. Na2 Kf7 20. c4 Rb8 21. Ka3 Ng6 22. c5 Bb5 23. Bxb5 axb5 24.
Rhe1 e4 25. Rf1 Kf6 26. Nc3 Kg5 27. d6 Ne5 28. Ka2 Nc6 29. Nd5 g6 {1/2-1/2
Nataf,I-Koch,J/Vichy 2000/CBM 79 no vc (54)}) 16... O-O 17. Kb2 $14 {[%csl Gd5]
Weiß hat Raumvorteil. Sein Pd5 ist besonders stark.} cxd5 (17... Rd8 18. Rhd1
$14) 18. exd5 Nc8 {[%cal Gc8d6]} 19. d6 {[%csl Gd6] Weiß unterbindet den
Blockadezug 19...Nd6.} (19. Ne4 {[%cal Ge4c5]} f5 20. Nc5 Nd6 $13) 19... Bc6
20. Rhd1 {[%cal Rd6d7]} Rd8 21. a4 $1 {[%mdl 32] Ein starkes positionelles
Bauernopfer - nach 21...bxa4 bekommt Weiß eine gefährliche Bauernmasse im
Zentrum.} bxa4 22. Nd5 $1 {[%csl Gd5]} f6 (22... Nxd6 $2 23. Nb6 $18 {[%csl
Rd6][%cal Rd1d8]}) (22... Rxd6 $2 23. Nb6 $18) (22... Kf8 $5) 23. c4 {[%cal
Gc4c5] Droht 24.c5 mit großem positionellen Vorteil.} Rxd6 (23... Nxd6 24. Nb6
Rb8 25. Rxd6 Rxb6 26. Ka3 $16 {[%csl Rb6,Rc6][%cal Gd6b6]}) 24. Bg4 {[%csl Rc8]
[%cal Rg4c8][%mdl 64]} Bd7 $2 (24... Bxd5 25. c5 $1 (25. Bxc8 $6 Rc6) (25. Rxd5
Rxd5 26. Rxd5 Nb6 (26... Ne7 27. Be6+ $18) 27. Be6+ Kf8 28. Rd6 Na8 29. c5 $36)
25... Be6 (25... Rd8 26. Rxd5 Rxd5 27. Rxd5 {[%csl Rc8]} Ne7 (27... Ra8 28.
Rd8+ $18) 28. Be6+ $18) 26. cxd6 Bxg4 27. d7 Rxd7 28. Rxd7 Bxd1 29. Rxd1 $16)
25. Bxd7 Raxd7 (25... Rdxd7 26. Nxf6+ $18) 26. c5 $18 {[%csl Rd6,Rd7]} Rxd5 27.
Rxd5 Rc7 28. Rd7 1-0

[Event "RUS-ch 53rd"]
[Site "Samara"]
[Date "2000.06.19"]
[Round "3"]
[White "Varavin, Viktor"]
[Black "Kobalia, Mihail"]
[Result "1-0"]
[WhiteElo "2410"]
[BlackElo "2593"]
[Annotator "Ribli,Z"]
[PlyCount "79"]
[EventDate "2000.06.03"]
[EventType "swiss"]
[EventRounds "11"]
[EventCountry "RUS"]
[SourceTitle "CBM 078"]
[Source "ChessBase"]
[SourceDate "2000.10.18"]
[SourceVersion "1"]
[SourceVersionDate "2000.10.18"]
[SourceQuality "1"]

1. e4 c5 2. Nf3 e6 3. d4 cxd4 4. Nxd4 a6 5. Nc3 b5 6. Be2 {Dieser Zug wird
selten gespielt - die Alternative 6.Bd3 ist aktiver. Der Textzug bietet sich
eher in Varianten mit 5...Qc7 an.} Bb7 7. Bf3 {Der Läufer steht ein bisschen
unglücklich auf f3, denn Weiß kann nun nicht f2-f4 ziehen.} Qc7 (7... Nc6 $5)
8. O-O d6 9. a4 {Weiß kann sene Figuren schnell entwickeln. Nach dem Textzug
muss Schwarz sich entscheiden, ob er nehmen will oder nicht. Der Zug a4 kommt
bei der Bauernstellung a6-b5 oft in Betracht.} (9. Re1 Nf6 10. a4 b4 11. Nd5 $5
) 9... bxa4 {Ich möchte die Alternative 9...b4 empfehlen, die zu ruhigem Spiel
führt. Der Textzug verschafft Weiß die bessere Bauernstruktur und Initiative
am Damenflügel.} (9... b4 10. Nce2 (10. Na2 Nf6 11. Re1 Be7 (11... Nbd7 12.
Nxb4 d5 13. Nxd5 exd5 14. exd5+ Kd8 15. Nc6+ Kc8 16. Re3 {1-0 Steiner,L-Takacs,
S/Vienna 1923! /HCL (48)}) 12. Bd2 $1 a5 13. c3 bxc3 14. Nxc3 O-O 15. Ndb5 Qd7
16. Bf4 Rd8 17. Rc1 Nc6 $2 18. Nd5 $1 $16 {1-0 Martin,A-Mortazavi,A/Plymouth
1992/CBM 30 ext/[Bulletin] (39) [#]}) 10... Nf6 11. Ng3 Be7 12. Bd2 d5 13. exd5
Nxd5 14. Qe1 Nc6 15. Nxc6 Bxc6 16. c4 Nf6 17. Bxc6+ Qxc6 18. Bxb4 {1/2-1/2
Salai,L-Priehoda,V/Prievidza 1998/EXT 99 (72)}) 10. Re1 $5 (10. Rxa4 Nf6 11.
Nb3 Nc6 12. Be3 Be7 13. Be2 O-O 14. f4 Rfd8 15. Qe1 d5 16. e5 Nd7 17. Qf2 Re8
18. Rfa1 Nb4 19. Bf1 f6 {0-1 Alonso,S-Giardelli,S/Buenos Aires 1997/EXT 98 (48)
}) (10. Nxa4 Nf6 11. Re1 Nbd7 12. Nc3 (12. g3 Be7 13. Nc3 O-O 14. Bg2 Rfe8 15.
Nb3 Rab8 16. Qe2 Bf8 17. Na5 Bc8 18. Ra2 Nb6 19. Bg5 Nfd7 20. Be3 g6 21. f4 d5
{0-1 Drozdov,I-Miladinovic,I/Arandjelovac 1993/CBM 38 ext (62)}) 12... Be7 13.
Nb3 O-O 14. Na5 Ne5 15. Nxb7 Qxb7 16. Be2 Nxe4 17. Nxe4 Qxe4 18. Rxa6 Rxa6 19.
Bxa6 Qa4 {1/2-1/2 Zuidema,C-Wexler,B/Tel Aviv 1964/MCD (30)}) 10... Nd7 (10...
Nf6 11. Rxa4 $14 (11. Nd5 {Dieses Opfer ist aus ähnlichen Stellungen bekannt,
aber es sieht hier ein wenig märchenhaft aus.} exd5 12. exd5+ Kd8 13. Bg5 $13 {
Weiß hat Angriffschancen, aber es ist eine schwere Frage, ob die Kompensation
ausreicht, oder ob er einfach eine Figur weniger hat.})) 11. Bg5 {Weiß kann
sich schnell entwickeln.} Ne5 (11... Be7 $5 $11) 12. Bh5 $13 {Es droht 13.Nxe6,
denn der Pf7 ist gefesselt.} g6 (12... Ng6) 13. Be2 h6 (13... Be7 14. Bxe7 Nxe7
15. Rxa4 O-O) (13... Bg7 14. Rxa4 $14 (14. Ndb5 axb5 15. Nxb5 Qc6 16. Nxd6+ (
16. Qxd6 f6 $17) 16... Kf8 17. Nxb7 Qxb7 18. Rxa4 f6 19. Rxa8+ Qxa8 20. Bf4
Qxe4 $17)) 14. Bh4 g5 $6 {[%mdl 16384] Dieser Zug sichert zwar die Stellung
des Ne5, aber er schwächt auch den schwarzen Königsflügel.} (14... Be7) 15. Bg3
Nf6 16. Rxa4 $14 {Weiß hat eine gesunde Bauernstruktur und Entwicklungsvorteil.
Der schwarze König steht unsicher in der Mitte.} Be7 17. Qa1 {[%csl Ra6][%cal
Ra1a6,Re2a6] Weiß hat spürbar Initiative am Damenflügel.} Qc8 18. Nb3 {[%cal
Gb3a5] Der Springer zielt nach a5, und das ist sehr unangenehm für Schwarz,
denn der Bb7 - die Schlüsselfigur in der Paulsen-Variante - ist in Gefahr.}
Nfd7 19. Na5 {[%csl Ga5][%mdl 2048] Es kommt selten vor, dass Großmeister
Kobalija, immerhin ein Spezialist der Paulsen-Variante, nach der Eröffnung so
schlecht steht.} Nc5 20. Bxe5 $1 dxe5 21. Rc4 $16 {[%cal Gc4c8] Schwarz hat
Probleme - seine Bauernstruktur ist schlechter und am Damenflügel hat er viele
schwache Felder. Es droht 22.b4 mit Figurengewinn.} Qb8 22. b4 (22. Rd1 $16)
22... Nd7 23. Qa4 {[%csl Rd7,Re8][%cal Ga4e8] Die Fesslung ist sehr unangenehm
für Schwarz.} Ra7 24. Rd1 Ba8 25. Nc6 (25. Bh5 $16) 25... Bxc6 26. Qxc6 Bd8 (
26... Qb7 27. b5 axb5 28. Nxb5 Qxc6 29. Rxc6 $18) 27. Bh5 $1 {Es droht jetzt
nicht nur 28.Qxe6+, sondern auch 28.Bxf7+ mit Bauerngewinn. Schwarz kann nicht
beide Drohungen gleichzeitig abwehren.} Ke7 28. Bxf7 Kxf7 29. Rxd7+ {Weiß hat
einen Mehrbauern und starken Angriff.} Be7 30. Rxa7 Qxa7 31. Na4 {[%cal Ga4c5]}
Rd8 32. g3 {Schwarz hat praktisch keine Drohungen gegen den weißen König.} Rd2
33. Nc5 Rd6 (33... Bxc5 34. Rxc5 $18) 34. Qc8 Qb6 35. Nd3 {[%csl Gd3,Rf7][%cal
Rd3e5]} Bd8 36. Nxe5+ $18 {Weiß hat jetzt schon zwei Bauern mehr und Angriff -
Schwarz ist verloren.} Kg7 37. Nd3 {Schwarz war vermutlich in Zeitnot, sonst
hätte er hier schon aufgegeben.} a5 38. e5 Rd5 39. Rc6 Qb5 40. Qxe6 1-0

[Event "Petrov Memorial op"]
[Site "St Petersburg"]
[Date "2000.02.15"]
[Round "8"]
[White "Najer, Evgeniy"]
[Black "Shaposhnikov, Evgeny"]
[Result "0-1"]
[WhiteElo "2572"]
[BlackElo "2503"]
[Annotator "Ribli,Z"]
[PlyCount "76"]
[EventDate "2000.02.05"]
[EventType "swiss"]
[EventRounds "9"]
[EventCountry "RUS"]
[SourceTitle "CBM 076"]
[Source "ChessBase"]
[SourceDate "2000.05.31"]
[SourceVersion "1"]
[SourceVersionDate "2000.05.31"]
[SourceQuality "1"]

1. e4 c5 2. Nf3 e6 3. Nc3 a6 4. d4 cxd4 5. Nxd4 Qc7 {Heutzutage spielt mann
oft die agressive Fortsetzung 5...b5, aber der Textzug ist ganz normal.} 6. Bd3
{Das ist die Hauptfortsetzung, aber 6.g3 und 6.Be2 sind auch möglich.} Nc6 (
6... Nf6 7. O-O Bc5) (6... b5) 7. Nxc6 dxc6 {7...bxc6 ist auch spielbar, aber
der Textzug erscheint mir logischer.} (7... bxc6) 8. O-O e5 9. f4 Nf6 10. Kh1
Bd6 11. f5 {Weiß verfügt über Raumvorteil am Königsflügel, und der Bc8 hat
Entwicklungsprobleme. Andererseits kann Schwarz den Läufer (nach b7-b5) nach
b7 entwickeln und sich so eine solide Stellung aufbauen.} b5 (11... h5 12. Be3
$1 (12. a4 Bc5 13. Qf3 a5 14. Qg3 Kf8 15. Bg5 Bd7 16. Rad1 Re8 17. Be2 Bc8 18.
Qh4 Ke7 19. Rd3 Rd8 20. Nd1 Rxd3 21. Bxd3 Qd8 22. Ne3 Bd4 {1/2-1/2 Ponomariov,
R-Miezis,N/Bad Wiessee 1999/EXT 2000 (41)}) 12... b5 13. a4 b4 $6 14. Nb1 Qe7
15. Nd2 $16 {1-0 Lanka,Z-Rodewis,T/Germany 1992/TD (26)}) 12. a4 (12. Bg5 Bb7 (
12... Be7) 13. a4 Bc5 14. Qe2 h5 15. Nd1 Rd8 16. Rf3 Qd6 17. Rh3 Qd4 18. Be3
Qd6 19. Bg5 Qd4 {1/2-1/2 Tiviakov,S-Miezis,N/New York 74/(200) 1998/Inf 74/
[Tiviakov,S] (30)}) (12. g4 h6 13. Qe2 Bc5 14. a4 Bb7 15. Bd2 Bd4 16. axb5 cxb5
17. Rae1 Rd8 18. Nd1 Bc6 19. Kg2 Qb7 20. Bc3 b4 21. Bxd4 Rxd4 22. Nf2 a5 23. h4
Ke7 24. Kg3 b3 25. c3 Rd6 26. Rd1 {1/2-1/2 Schneider,H-Wegerle,J/Oberhof 1998/
EXT 2000 (26)}) 12... Bb7 (12... b4 $2 13. Nb1 h5 14. Nd2 a5 15. Qe1 Bc5 16.
Nf3 Kf8 17. b3 Bb7 18. Bb2 Re8 19. Qg3 Bd6 20. Rad1 $16 {Tiviakov,S-Miezis,N/
Isle of Man 74/(200) 1998/Inf 74/[Tiviakov,S] (20)}) (12... Rb8 {Dieser Zug
ist nicht schlecht, aber wenn Schwarz kann 12...Bb7 spielen, das scheint
ueberfluessig fuer mich.} 13. Be3 Qe7 14. Qf3 Nd7 15. Qh5 Nf6 16. Qg5 Kf8 17.
Qh4 h6 18. g4 Kg8 19. Rg1 Bb7 20. g5 {1/2-1/2 Gallagher,J-Dizdarevic,E/SWZ-GP
1990/CBM 17 (20)}) 13. axb5 (13. Qe2) (13. Bg5 {Mit diesem Zug kommen wir in
die Partie Tiviakov,S - Miezis,N New York 1998 - siehe die Zugfolge 12.Bg5 Bb7
13.a4.}) 13... axb5 (13... cxb5 {14.Bxb5 axb5 15.Rxa8 Bxa8 16.Nxb5 führt in
die Variante 13...axb5 14.Rxa8 Bxa8 15.Nxb5 über (wie in der Partie Tiviakov,S
- Milov,V Groningen 1998). Die große Frage lautet, wie Weiß hier anders als
mit 14.Bxb5 fortsetzen soll.}) 14. Rxa8+ Bxa8 15. Be3 {Weiß möchte der
Schlüsselpartie dieser Variante folgen, die nach 15.Bxb5 - und großen
Komplikationen - Remis endete.} (15. Bxb5 cxb5 16. Nxb5 Qc6 17. Qxd6 Qxb5 18.
Rd1 Nd7 $8 19. Bg5 f6 20. Qe6+ Kd8 21. c4 Qc6 $8 {1/2-1/2 Tiviakov,S-Milov,V/
Groningen 74/200 1998/Inf 74/[Tiviakov,S] (29)}) 15... Be7 (15... b4 $6 16. Nb1
O-O 17. Nd2 $14 {[%csl Yc4][%cal Gd2c4]}) (15... O-O 16. Bxb5 $2 cxb5 17. Nxb5
Qc6 18. Nxd6 Rd8 $19 {[%csl Rd6]}) 16. Qf3 Nd7 $11 {[%mdl 32] Schwarz rochiert
(noch) nicht, zuerst verbessert er seine Springerstellung und bereitet die
Verteidigung des Königsflügels für das eventuelle g2-g4 vor.} (16... O-O 17. g4
$5 $36 (17. Ra1 Bb7 $11)) 17. Qg3 (17. Ra1 O-O $11) (17. g4 h6 $11) 17... Bf6 (
17... O-O $11) 18. Nb1 {Weiß möchte die Stellung seines Springers verbessern
und eventuell den c-Bauern mobilisieren. Der Springer hatte in der Tat keine
große Zukunft auf c3.} O-O 19. Nd2 Rb8 {[%cal Gc6c5] Anschließend möchte
Schwarz c6-c5 ziehen, um endlich den weißfeldrigen Läufer zu befreien.} 20. Qf2
Be7 (20... c5 21. Ra1 c4 $11) 21. Qe2 $6 (21. Ra1 $11) 21... Nc5 $36 {Nach
diesem Zug kann sich Schwarz das Läuferpaar verschaffen.} 22. Rf3 Nxd3 (22...
Na4 $5) 23. cxd3 {Jetzt hat Weiß eine massive Bauernkette d3-e4-f5, und die
Wirkung des schwarzen Ba8 ist eingeschränkt.} (23. Qxd3 c5 $15) 23... c5 24.
Rh3 {[%cal Re2h5,Rh3h7]} g6 25. Qf2 (25. Rf3) 25... Qd6 26. Kg1 c4 $1 {Schwarz
möchte die Stellung für sein Läuferpaar öffnen.} (26... Qxd3 $6 27. Bxc5 Bxc5
28. Rxd3 Bxf2+ 29. Kxf2 $11) 27. dxc4 $6 (27. d4 $5 Rd8 28. d5 Bb7 $15) 27...
bxc4 28. Qe1 (28. Nxc4 Qd1+ 29. Qf1 Qxf1+ 30. Kxf1 Bxe4 $17 {[%cal Re4d3,Rd3f1,
Rd3c4,Re4f5]}) 28... Rxb2 29. Nxc4 $6 {[%cal Rc4b2,Rc4d6]} ({Besser gleich} 29.
fxg6 $1 {In der Partie schafft es Weiss nicht mehr den Tausch auf g6 zu
realisieren.} hxg6 30. Nxc4 $15) 29... Qb4 30. Qxb4 Rxb4 31. Nxe5 Bxe4 $15 {
[%csl Ge4][%mdl 2048] Schwarz hat viele Drohungen - der Pf5 hängt und nach 32..
.Rb1+, 33...Rb2+ auch noch der Schlüsselbauer auf g2.} 32. fxg6 Rb1+ {Dieser
Zwischenzug entscheidet die Partie.} 33. Kf2 Rb2+ 34. Kg3 (34. Bd2 hxg6 (34...
Rxd2+ 35. Ke3 {[%cal Re3e4,Re3d2]}) 35. Nc4 Ra2 $17) 34... hxg6 (34... Rxg2+
35. Kf4 Bxg6 36. Nxg6 hxg6 $15) 35. Bd4 (35. Nf3 f6 $15 {[%csl Rg3,Rh3] Die
weißen Figuren am Königsflügel stehen katastrofal schlecht.}) 35... Rxg2+ 36.
Kf4 Bf5 37. Rb3 Bd6 $17 {[%csl Rf4] Die Fesselung ist unangenehm für Weiß.
Gleichzeitig verteidigt sich Schwarz gegen Rb8+.} (37... Rxh2 38. Rb8+ Kh7 39.
Rb7 Bd6 40. Rxf7+ Kg8 41. Rxf5 gxf5 42. Kxf5 $11) 38. h3 Rc2 {Weiß gab auf
oder überschritt die Zeit. Schwarz hat die viel bessere Stellung. Er hat das
Läuferpaar und einen Mehrbauern, also gute Gewinnchancen, ich sehe aber keinen
sofortigen Gewinnweg.} (38... Rc2 39. Kg5 $17) 0-1

[Event "Cutro 07th"]
[Site "Cutro"]
[Date "2001.04.28"]
[Round "7"]
[White "Aleksic, Nenad"]
[Black "Ortega, Lexy"]
[Result "1-0"]
[WhiteElo "2417"]
[BlackElo "2487"]
[Annotator "Ribli,Z"]
[PlyCount "47"]
[EventDate "2001.04.22"]
[EventType "tourn"]
[EventRounds "10"]
[EventCountry "ITA"]
[EventCategory "9"]
[SourceTitle "CBM 083"]
[Source "ChessBase"]
[SourceDate "2001.07.05"]
[SourceVersion "1"]
[SourceVersionDate "2001.07.05"]
[SourceQuality "1"]

1. e4 c5 2. Nf3 e6 3. Nc3 a6 4. d4 cxd4 5. Nxd4 b5 {Dieser aggressive Zug
erfreut sich in letzter Zeit großer Beliebtheit. Schwarz kümmert sich (noch)
nicht um die Entwicklung seines Königsflügels, sondern sucht seine Chance am
Damenflügel.} 6. g3 {Dieser Zug wird selten gespielt und ist meiner Meinung
nach angesichts von 5...b5 auch weniger logisch. Die Hauptfortsetzung lautet 6.
Bd3.} Bb7 7. Bg2 Nf6 8. Qe2 b4 9. Na4 (9. Nb1 Nc6 10. Be3 Qc7 11. Nb3 Ne5 12.
Bf4 d5 13. exd5 Bd6 14. N1d2 Bxd5 15. O-O Bxg2 16. Kxg2 Nd5 {1/2-1/2 Aleksic,
N-Razuvaev,Y/Cutro 2000/CBM 77 (63)}) 9... d5 $6 {Dieser Zug ist zu aggressiv.
Meines Erachtens muss Schwarz erst 9...Qa5 und 10...Nc6 spielen, der Textzug
kommt zu früh.} (9... Qa5 10. b3 Nc6 11. Bb2 (11. Be3 Nxd4 12. Bxd4 Qb5 13. Qd3
Be7 14. O-O e5 (14... Bc6 15. Nb6 Rb8 16. e5 Bxg2 17. Kxg2 Qc6+ 18. Qf3 Ne4 19.
Rad1 {1-0 Kupreichik,V-Lau,R/Bad Endbach 1995/CBM 47/[Hecht] (51)}) 15. Be3 d5
16. exd5 Bxd5 17. c4 {1/2-1/2 Hellers,F-Kengis,E/Aarhus 1997/CBM 60 (17)})
11... Nxd4 12. Bxd4 e5 $1 13. Bb6 Qb5 14. Qd3 Be7 15. O-O Rc8 16. Rac1 O-O 17.
Rfe1 Rfe8 $5 {1/2-1/2 Balashov,Y-Chuchelov,V/Germany 2001/CBM 81/[Chuchelov] 
(47)}) 10. Bg5 $5 (10. e5 Nfd7 $13) 10... Be7 (10... dxe4 11. Bxf6 Qxf6 12.
Bxe4 Qxd4 (12... Bxe4 13. Qxe4 Ra7 14. Nc6 $16) 13. Bxb7 Ra7 14. Rd1 Qf6 15.
Bxa6 $1 (15. Qc4 Qe5+ 16. Kd2 $1 Bd6 17. Qc8+ $16) 15... Nxa6 (15... Rxa6 16.
Qb5+ $18) 16. Qb5+ Ke7 17. Nb6 $16 {[%csl Re7]}) 11. exd5 (11. e5 Nfd7 12. Bxe7
Qxe7 13. f4 O-O 14. O-O Nc6 15. Nb3 a5 16. Qf2 Ba6 17. Rfd1 Bb5 {0-1 Boudre,
J-Abramovic,B/Paris 1988/EXT 97 (31)}) 11... Bxd5 (11... Nxd5 12. Nc5 $1 (12.
Bxe7 Qxe7 13. O-O $14 (13. Nf5 exf5 14. Qxe7+ Kxe7 15. O-O-O Ne3 $3 $13)) 12...
Nf4 (12... Bxg5 13. Nxb7 Qe7 14. Bxd5 $14 (14. Nf5 $14)) 13. gxf4 $1 (13. Nxb7
Nxg2+ $13) 13... Bxg2 14. Ncxe6 fxe6 15. Nxe6 Qd7 16. Rd1 $16) 12. O-O-O {
[%cal Gd1d8]} O-O (12... Qa5 13. f4 Nbd7 14. b3 (14. Bxd5 Qxd5 15. b3 $14)
14... Bxg2 15. Qxg2 Qd5 16. Qxd5 (16. Qh3 $5) 16... Nxd5 17. Bxe7 Nxe7 18. Rhe1
Ra7 19. Kb2 O-O 20. a3 $14 {1-0 Kupreichik,V-Sax,G/Muenster 1996/CBM 55 ext 
(43)}) (12... Bxg2 13. Nxe6 Qa5 14. Nxg7+ Kf8 15. Bh6 Kg8 16. Qxe7 Nbd7 17.
Rxd7 Nxd7 18. Qxd7 Bxh1 19. Nf5 $18 {[%cal Rf5e7,Re7g8]}) 13. f4 $14 {Weiß hat
aktives Figurenspiel und eine gute Angriffsstellung.} (13. Nf5 $5 Bxg2 14. Rxd8
Bxd8 15. Rg1 Bc6 16. Nxg7 Kxg7 17. Nc5 Nbd7 18. Qd2 Kh8 $2 (18... Rg8 $5) 19.
Bxf6+ Bxf6 20. Nxd7 Rfd8 21. Qf4 {1-0 Marjanovic,S-Mijailovic,Z/Subotica 2000/
CBM 76 (31)}) 13... Ra7 (13... Bxg2 $5 14. Qxg2 (14. Nxe6 Qe8 {[%cal Ge8a4]}
15. Qxg2 fxe6 16. Qxa8 Qxa4 $17) 14... Nd5 (14... Qd5 15. Qxd5 Nxd5 16. Nb6
Bxg5 (16... Nxb6 17. Bxe7 $16 {[%cal Re7b4,Re7f8]}) 17. Nxd5 exd5 18. fxg5 $14)
15. Bxe7 (15. Nxe6 $2 fxe6 16. Bxe7 Qxe7 17. Rxd5 exd5 18. Qxd5+ Qf7 $1 19.
Qxa8 Qxa2 {[%csl Rc1]}) 15... Qxe7 16. Rhe1 $14) (13... Nbd7 $2 14. Bxd5 Nxd5 (
14... exd5 15. Nc6 $18) 15. Nc6 Qe8 16. Rxd5 $18) {[#]} 14. Nf5 $1 {[%mdl 2048]
} Nc6 (14... exf5 15. Bxf6 Bxf6 16. Rxd5 {[%cal Rd5d8,Rd5f5]} Qe8 (16... Rd7
17. Rxf5 (17. Rhd1 $5) 17... Re8 18. Qf3 $16) 17. Qxe8 Rxe8 18. Rxf5 Rae7 19.
Bf3 $16) 15. Nxe7+ Nxe7 (15... Qxe7 16. Bxf6 Qxf6 (16... gxf6 17. Bxd5 exd5 18.
Qg4+ Kh8 19. Rxd5 $16) 17. Bxd5 exd5 18. Rxd5 $16) 16. Bxf6 gxf6 17. f5 $16 {
[%mdl 128]} (17. Nc5 $5) 17... Qa5 (17... exf5 $2 18. Qf2 Rb7 (18... Rd7 $2 19.
Nb6 $18) 19. Rhe1 $18) (17... Nxf5 18. Bxd5 exd5 19. Qf2 {[%cal Rf2a7,Rf2f5]}
Qd7 20. Nb6 Qb7 (20... Qe6 21. Rhe1 $18) 21. Nxd5 $18) 18. Bxd5 Nxd5 (18...
Qxa4 $2 19. Bb3 $18) 19. fxe6 Qxa4 (19... fxe6 20. Qxe6+ Raf7 21. Rxd5 Qxa4 22.
Rd4 Kh8 23. Rhd1 $16) 20. Rxd5 Qxa2 (20... b3 $5 21. a3 (21. axb3 $4 Qa1+ 22.
Kd2 Qxh1 $19) 21... bxc2 22. Re1 $16) 21. Qg4+ Kh8 22. Qxb4 {[%cal Rb4f8] Weiß
hat einen Mehrbauern, sein e-Bauer ist besonders gefährlich. Die schwarze Qa2
steht nur scheinbar aktiv, in Wirklichkeit hat Schwarz keine Drohungen.} Raa8 (
22... Re8 23. exf7 $16 (23. Rhd1 $16 fxe6 $2 24. Ra5 $18 {[%csl Ra2]})) 23. e7
$18 Rfb8 24. Qd4 {[%cal Rd4f6,Rf6h8]} 1-0